| 000 -CABECERA |
| fixed length control field |
00945nam a22002417a 4500 |
| 003 - IDENTIFICADOR DEL NÚMERO DE CONTROL |
| control field |
AR-CdUCM |
| 008 - DATOS DE LONGITUD FIJA--INFORMACIÓN GENERAL |
| fixed length control field |
190305b ||||| |||| 00| 0 spa d |
| 040 ## - FUENTE DE LA CATALOGACIÓN |
| Agencia/entidad que catalogó originalmente la obra |
MUNICIPALIDAD PROVINCIAL DEL CUSCO |
| Entidad que transcribió la catalogación |
BIBLIOTECA MUNICIPAL DEL CUSCO |
| 082 ## - NÚMERO DE LA CLASIFICACIÓN DECIMAL DEWEY |
| No. de Clasificación |
340.92 / |
| Notacion interna |
C94 |
| 100 ## - ENTRADA PRINCIPAL--NOMBRE DE PERSONA |
| Nombre Personal |
Barandiaran, Jose Leon |
| 245 ## - MENCIÓN DE TÍTULO |
| Título |
Libro homenaje a Romulo E.Lanatta Guillen / |
| 260 ## - PUBLICACIÓN, DISTRIBUCIÓN, ETC. |
| Lugar de publicación, distribución, etc. |
Lima : |
| Nombre de la editorial, distribuidor, etc. |
Edit. Venus, |
| Fecha de publicación, distribución, etc. |
1986. |
| 300 ## - DESCRIPCIÓN FÍSICA |
| Nº de Páginas Extensión |
533 paginas ; |
| Dimensiones |
23 cm. |
| 505 ## - NOTA DE CONTENIDO CON FORMATO |
| Nota de contenido formateada |
Contenido :Apuntes biográficos de Romulo E.Lanatta Guillen --Aportaciones en el código civil --El pensamiento filosófico de Luis Recansens Siches --La interpretación del contrato en el código civil de 1984 ... |
| 650 ## - PUNTO DE ACCESO ADICIONAL DE MATERIA--TÉRMINO DE MATERIA |
| Descriptor |
Biografia |
| 9 (RLIN) |
437 |
| 650 ## - PUNTO DE ACCESO ADICIONAL DE MATERIA--TÉRMINO DE MATERIA |
| Descriptor |
Doctrina |
| 9 (RLIN) |
1208 |
| 650 ## - PUNTO DE ACCESO ADICIONAL DE MATERIA--TÉRMINO DE MATERIA |
| Descriptor |
Derecho civil |
| 9 (RLIN) |
7386 |
| 700 ## - PUNTO DE ACCESO ADICIONAL--NOMBRE DE PERSONA |
| Nombre Personal |
Fernando Vidal Ramirez |
| 9 (RLIN) |
9532 |
| 700 ## - PUNTO DE ACCESO ADICIONAL--NOMBRE DE PERSONA |
| Nombre Personal |
Jose Antonio Silva Vallejo |
| 9 (RLIN) |
9533 |
| 700 ## - PUNTO DE ACCESO ADICIONAL--NOMBRE DE PERSONA |
| Nombre Personal |
Augusto Ferrero Costa |
| 9 (RLIN) |
9534 |
| 942 ## - ELEMENTOS DE PUNTO DE ACCESO ADICIONAL (KOHA) |
| Fuente de clasificación |
|
| Tipo de item |
Libros-BMC |
| 945 ## - PROCESAMIENTO DE INFORMACIÓN LOCAL (OCLC) |
| Catalogador |
rjall |